000 00440nam a2200181Ia 4500
001 13188
005 20260306163035.0
008 260306t2007||||xx |||||||||||||| ||spa||
041 _aESP
082 _a001.42
_bB15 2007
100 _aBáez y Pérez de Tudela, Juan
_eAUT
245 0 _aInvestigación cualitativa
260 _c2007
300 _a399 páginas :
_c24 cm.
650 _aGEN
654 _aCHU
942 _cLIB
_dJUS
_fJUS
_2ddc
_n
999 _c13188
_d13188